| 000 | 00334nam a22001337a 4500 | ||
|---|---|---|---|
| 003 | SGT | ||
| 082 |
_a342.0954 _bD91R |
||
| 100 | _aRASTOGI, K.C | ||
| 245 | _aDICTIONARY OF CONSTITUTIONAL AND PARLIAMENTARY TERMS | ||
| 260 |
_aINDIA _bLOK SABHA SECRETARIAT _c1991 |
||
| 300 | _a564 | ||
| 650 | _aINDIAN CONSTITUTION | ||
| 942 |
_2ddc _cBK |
||
| 999 |
_c26215 _d26215 |
||